| 000 | 00923nam a2200241 4500 | ||
|---|---|---|---|
| 001 | 124068 | ||
| 003 | ES-MaACL | ||
| 005 | 20231220202827.0 | ||
| 007 | t| | ||
| 008 | 070214s1923 sp r ||||1| spa d | ||
| 100 | 1 |
_aRamón y Cajal, Santiago, _d1852-1934 _9226468 |
|
| 245 | 1 | 0 |
_aRecuerdos de mi vida / _cS. Ramón y Cajal ; (obra ilustrada con numerosos fotograbados). |
| 250 | _a3ª ed. | ||
| 260 |
_aMadrid : _b[s.n.], _c1923 ( _fImp. de Juan Pueyo) |
||
| 300 |
_a444 p., CXXX p. de lám. ; _c25 cm. |
||
| 504 | _aBibliografía: p. [414]-434. | ||
| 505 | 8 | _aContiene: 1ª parte. Mi infancia y juventud ; 2ª parte. Historia de mi labor científica | |
| 530 | _aDisponible en formato digital. | ||
| 600 | 1 | 4 |
_aRamón y Cajal, Santiago, _d1852-1934 _9226468 |
| 852 |
_aES-MaACL _jF-52 |
||
| 856 |
_uhttp://bdh-rd.bne.es/viewer.vm?id=0000200547&page=1 _zBiblioteca Digital Hispánica |
||
| 999 |
_c124068 _d124068 |
||